L'Indonésie pour les touristes... - Facile - Statistiques

Statistiques générales
  • Ce quiz a été pris 46 fois
  • Le résultat moyen est 7 sur 20
Statistiques - réponses
Question Indice Réponses indice facile % Correct
Quelle est la langue officielle ? Indonésien
95%
Le principal aéroport est J Jakarta
69%
Achats à faire 2/ Sculpture sur Bois SIOB
67%
La religion majoritaire est Islam I
67%
Achats à faire 1/ Boisson Café FACE
52%
Combien d'heures (environ) mettrez-vous pour vous y rendre ? (en chiffres) 18
48%
Dans la capitale quel est le décalage horaire avec Paris ? (+ ou - et chiffre) ex - 10 ou + 3,5 + 5
48%
Le suffixe internet est id
40%
Quelle est la monnaie ? Roupie indonésienne R
38%
Quelles sont les principaux lieux touristiques ? F Ile de {Florès} FROLES
36%
Achats à faire 4/ Encens appelé Dupa PADU
33%
Quelles sont les principaux lieux touristiques ? B Volcan {Bromo} BOOMR
33%
Quelles sont les principaux lieux touristiques ? B Temple {Borobudur} à Java BOUBOUDRR
24%
Quelles sont les principaux lieux touristiques ? R A Iles {Raja Ampat} APATAMAJR
17%
Quelles sont les principaux lieux touristiques ? P Temples de {Prambanan} BANANAMPR
17%
Comment se nomme la principale compagnie aérienne locale G I Garuda Indonesia INDAGUERIONSAAD
14%
Achats à faire 3/ Tissu Sarong ROGNAS
12%
Quel est le régime du pays ? R P République présidentielle
10%
Code sur les plaques minéralogiques RI
10%
Quels sont les climats locaux ? E & TH {Equatorial} & {Tropical humide}
2%
Aucun quiz correspondant
Distribution des résultats
% des personnes avec chaque résultat
Percentile par nombre de réponses
Votre historique - résultats
Vous n’avez pas pris ce quiz